Food, Inc. (Record no. 335038)
[ view plain ]
| 000 -LEADER | |
|---|---|
| fixed length control field | 00517nam a2200097Ia 4500 |
| 008 - FIXED-LENGTH DATA ELEMENTS--GENERAL INFORMATION | |
| fixed length control field | 170517s9999 xx 000 0 und d |
| 245 ## - TITLE STATEMENT | |
| Title | Food, Inc. |
| 300 ## - PHYSICAL DESCRIPTION | |
| Extent | Perhaps the definitive cinematic investigation of the modern American food industry, the Oscar-nominated documentary Food, Inc. exposes a system rife with corruptive, secretive and abusive practices, and whose products contribute to the rising epidemic of obesity and all the... |
| 650 ## - SUBJECT ADDED ENTRY--TOPICAL TERM | |
| General subdivision | Technology. |
| 856 ## - ELECTRONIC LOCATION AND ACCESS | |
| Uniform Resource Identifier | <a href="http://topdocumentaryfilms.com/food-inc/">http://topdocumentaryfilms.com/food-inc/</a> |
| Withdrawn status | Lost status | Damaged status | Home library | Current library | Date acquired | Total Checkouts | Date last seen | Price effective from | Koha item type |
|---|---|---|---|---|---|---|---|---|---|
| College Library | College Library | 05/17/2017 | 05/17/2017 | 05/17/2017 | Documentary Films |